00618nam a2200217 a 4500001001300000003000900013005001700022008004100039020002600080082001300106100001900119245005500138260004200193300000900235500003500244505002700279650001400306650004000320650002100360700001900381nice12345678IN_TiNIC20260116013958.0050524s1994 mina grp 000 0 eng  a0875426 c977.5500a133bSAR aSargent, Denny aGlobal Ritualismb Myth and Magic Around the World aMinnesotabLlewellyn Publishersc1994 a215p aincludes index and biblioraphy2 aGlossary, Bibliography aOccultism aComparative Religion-Rites & Ceremo aNew Age Movement1 aSargent, Denny